[Event "Summer Cup 2025"]
[Site "Wellington NZL"]
[Date "2025.02.13"]
[Round "2.10"]
[White "Forster, William"]
[Black "Brockway, Andrew"]
[Result "1-0"]
[WhiteElo "1946"]
[BlackElo "1639"]

1. Nf3 d5 2. g3 Nf6 3. Bg2 c5 4. c4 e6 5. d4 cxd4 6. Nxd4 Nc6 7. O-O Be7 8.
cxd5 exd5 9. Nc3 O-O 10. h3 a6 11. Be3 Be6 12. Rc1 Ne4 $2 {This is the first
new move in the game according to my new 15 million game database, and it's a
bit unfortunate, just losing material. I assume Andrew was relying on the Be6
taking on h3 or a2 in the follow up to re-establish material equality so I just
take that piece off first} 13. Nxe6 fxe6 14. Nxe4 dxe4 15. Qb3 Nd4 16. Bxd4
Qxd4 17. Qxe6+ Rf7 18. Bxe4 Rf8 19. Rc8 Qf6 20. Rxf8+ Kxf8 {(Forced) I spent a
lot of time here trying to finish the game, but failed and played an
unconvincing line, leaving me needing to keep the major pieces on to avoid a
drawn ending} 21. Qc4 ( {I calculated} 21. Qc8+ Bd8 {and the surprising} 22.
Rd1 $1 {but after} 22... Ke8 ( {I'm allowing } 22... Qxf2+ $2 {but after} 23.
Kh1 {White has no more checks and having voluntarily removed the Queen from the
defence of the bishop it now just falls off} ) 23. Bxh7 $1 {was the bizarre
computer move I missed}  ( {I did see} 23. Bxb7 Rc7 24. Qa8 {which the computer
also likes, but dismissed it as ridiculous, which is a shame because Black is
still stuck and has lost more material} ) 23... Qxf2+ 24. Kh1 Qf6 {The queen
has to come back} 25. Bg6 $1 {and happy days, the opposite coloured bishop
problem is resolved and at the same time White wins even more material} ) 21...
Bd8 22. Bf3 Rc7 23. Qd3 g6 24. b3 Qg7 $4 ( {After the sensible} 24... Be7
{White still has a lot of work to do} ) 1-0

[Event "Summer Cup 2025"]
[Site "Wellington NZL"]
[Date "2025.02.13"]
[Round "2.11"]
[White "Sova, Leo"]
[Black "Keith, Matthew"]
[Result "0-1"]
[WhiteElo "1633"]
[BlackElo "1880"]

1. e4 e5 2. Nf3 Nc6 3. Bc4 Bc5 4. c3 Nf6 5. d3 d6 6. b4 Bb6 7. a4 a5 8. b5 Ne7
9. O-O Ng6 10. h3 O-O 11. Re1 h6 12. d4 exd4 13. cxd4 d5 14. exd5 Re8 15. Ne5
Ne7 16. Nxf7 Kxf7 17. d6+ Ned5 18. Bxd5+ Nxd5 19. Qh5+ Kf8 20. Rxe8+ Qxe8 21.
Qxe8+ Kxe8 22. dxc7 Bf5 23. Bb2 Rc8 24. Nd2 Bxc7 25. Nb3 b6 26. Rc1 Bd6 27.
Rxc8+ Bxc8 28. g4 Be6 29. Na1 Nf4 30. d5 Nxh3+ 31. Kf1 Bxg4 32. Bxg7 Bd1 33.
Bxh6 Bxa4 34. Be3 Bxb5+ 35. Ke1 Bc7 36. Nc2 Kd7 37. Nd4 Bc4 38. Ne6 Bxd5 39.
Nxc7 Kxc7 40. f4 b5 41. Kd2 Kd6 42. Kc3 b4+ 43. Kb2 Kc6 44. f5 Kb5 45. f6 a4
46. Kc2 a3 47. Bd4 Kc4 48. Ba1 b3+ 49. Kb1 Nf4 50. Be5 Nd3 51. Ba1 a2# 0-1

[Event "Summer Cup 2025"]
[Site "Wellington NZL"]
[Date "2025.02.13"]
[Round "2.12"]
[White "Joseph, Joji Chacko"]
[Black "Sethuramalingam, Karthik"]
[Result "0-1"]
[WhiteElo "1628"]
[BlackElo "1872"]

1. e4 c5 2. Nf3 Nc6 3. d4 cxd4 4. Nxd4 Nf6 5. Nc3 (5. f3 d5 (5... e5 6. Nb5 d6
7. c4 a6 8. N5c3 Be7)  (5... e6 6. Nc3 Bb4 7. a3 Bxc3+ 8. bxc3 d5 9. Bd3 dxe4
10. fxe4 Nxd4 11. cxd4 O-O 12. e5 Ne4 13. Bxe4 (13. Be3 Qa5+ 14. Bd2 Qd8 15.
Qe2 Qh4+ 16. g3 Nxg3 17. Qf2 Nf5 18. Qxh4 Nxh4 19. Be4) 13... Qh4+) 6. Bb5 dxe4
7. Nxc6 Qxd1+ 8. Kxd1 a6 9. Nd4+ axb5 10. Nxb5 Kd8) 5... e5 6. Nf5 (6. Ndb5 d5
7. exd5) 6... d5 $1 (6... d6 7. Bg5) 7. exd5 $1 (7. Nxd5 Bxf5 8. exf5 Qxd5) 
7... Bxf5 8. dxc6 bxc6 (8... Qxd1+ 9. Nxd1 bxc6 10. Ba6 (10. Ne3 Be6 11. Nc4) 
10... Bc5 (10... Bxc2 11. Bb7 Rd8 (11... Bb4+ 12. Bd2 Bxd2+ 13. Kxd2 Rb8 14.
Bxc6+ Ke7 15. Kxc2 Rhc8) 12. Bxc6+ Ke7) 11. Bb7 Rd8 (11... Rb8 12. Bxc6+ Ke7) )
9. Qf3 (9. Qxd8+ Rxd8 10. Be3 Bxc2 11. Bxa7 Ra8 12. Be3 (12. Rc1 Bf5 13. Be3
Nd5 14. a3 Nxe3 15. fxe3 Be7) 12... Rb8) 9... Qd7 10. Bb5 $4 (10. Bc4 Bb4)  (
10. Bg5 e4 11. Qe2 Be7 12. Rd1 Qe6 13. Qc4 Rb8 14. Qxe6 fxe6 15. b3 Nd5 16.
Bxe7 Kxe7) 10... e4 (10... Rc8 11. Ba4 Bb4) 11. Qxf5 Qxf5 12. Bxc6+ Nd7 $2 (
12... Kd8 13. Bxa8 (13. Be3 Bc5 14. O-O-O+ Kc7 15. g4 Qe5 16. Bxa8 Bxe3+ 17.
fxe3 Rxa8 18. h3) 13... Bb4 14. O-O Kc7) 13. Bxa8 Bb4 14. Bd2 e3 $2 (14... O-O
15. Bxe4 (15. Bc6 Nf6 16. O-O Qc5) 15... Qe6 16. O-O-O Bxc3 17. Bxc3 Qxe4 18.
Rxd7 Qxg2 19. Rdd1 Qxf2 20. Kb1) 15. Bxe3 Qxc2 16. O-O O-O 17. Be4 $6 (17. Bc6
Ne5 18. Bd5 Qxb2 19. Ne4 Rd8 20. Rad1 Qa3 21. Bb3 Qa5 22. Rxd8+ Qxd8) 17...
Qxb2 18. Nd5 Bd6 (18... Qe5 19. Nxb4 Qxe4 20. Na6) 19. Bf3 $6 (19. g3 Qe5 (
19... Re8 20. Bg2 Bc5 21. Bxc5 Nxc5) 20. Bg2) 19... Ne5 20. Be4 (20. a3 Nxf3+
21. gxf3 Qe5) 20... f5 21. Bf3 $4 (21. Rfb1 Qe2 $4 (21... Qa3 22. Bc2 Ng4 23.
h3 Bh2+ 24. Kh1 Nxe3 25. Nxe3 Bc7) 22. Nf4 Qg4 23. Bd5+) 21... Nxf3+ 22. gxf3
Qe5 23. Bf4 Qxd5 24. Rad1 Qxd1 25. Rxd1 Bxf4 26. Rd7 Ra8 0-1

[Event "Summer Cup 2025"]
[Site "Wellington NZL"]
[Date "2025.02.13"]
[Round "2.13"]
[White "Benitez, Edgar"]
[Black "Miriyala, Sreenikesh"]
[Result "1-0"]
[WhiteElo "1861"]
[BlackElo "1195"]

1. d4 e5 2. dxe5 d6 3. Nf3 Bf5 4. Nc3 Nc6 5. e4 Bg6 6. Bb5 Qd7 7. O-O O-O-O 8.
Be3 a6 9. Ba4 f5 10. Bxc6 Qxc6 11. Nd4 Qd7 12. e6 Qe7 13. exf5 Be8 14. Nd5 Qh4
15. Qd2 c5 16. Qa5 1-0

[Event "Summer Cup 2025"]
[Site "Wellington NZL"]
[Date "2025.02.13"]
[Round "2.14"]
[White "Nazeer, Afique"]
[Black "Aldridge, Alan L"]
[Result "0-1"]
[WhiteElo "1591"]
[BlackElo "1855"]

1. e4 e5 2. Nf3 Nc6 3. Nc3 Nf6 4. d4 exd4 5. Nxd4 d6 6. Bb5 Bd7 7. O-O Be7 8.
Nxc6 bxc6 9. Bc4 O-O 10. Bg5 h6 11. Bh4 Rb8 12. Re1 Rb4 13. Qd3 Ng4 14. Bxe7
Qxe7 15. f4 Qh4 {Black won on move 33} 0-1

[Event "Summer Cup 2025"]
[Site "Wellington NZL"]
[Date "2025.02.13"]
[Round "2.16"]
[White "Wong, Jaden"]
[Black "Loke, Kayden"]
[Result "0-1"]
[WhiteElo "1028"]
[BlackElo "2015"]

1. e4 c5 2. Nf3 d6 3. d4 cxd4 4. Nxd4 Nf6 5. Nc3 a6 6. Bd3 g6 7. Be3 Bg7 8. O-O
Ng4 9. h3 Nxe3 10. fxe3 O-O 11. Bc4 b5 12. Bb3 Bb7 13. Rf2 Nc6 14. Qd2 Qb6 15.
Nce2 Nxd4 16. exd4 Bxe4 17. Ng3 Bb7 18. Raf1 Bxd4 19. c3 Be3 20. Qe2 e6 21. Kh1
Bxf2 22. Rxf2 Bd5 23. Bc2 Bc4 24. Qe1 e5 25. b3 Be6 26. a4 bxa4 27. bxa4 Rac8
28. Ne4 f5 29. Ng5 Bb3 30. Bb1 h6 31. Nf3 Bxa4 32. Nh4 Rf6 33. g4 Qc6+ 34. Kg1
Qxc3 35. Kh2 Qxe1 36. Rg2 Qxh4 37. gxf5 Rc3 38. Kg1 Rc1+ 0-1

[Event "Summer Cup 2025"]
[Site "Wellington NZL"]
[Date "2025.02.13"]
[Round "2.18"]
[White "Jackson, L Ross"]
[Black "Panth, Kishore"]
[Result "1-0"]
[WhiteElo "1873"]
[BlackElo "1104"]

1. d4 Nf6 2. c4 e6 3. Nc3 Bb4 4. Nf3 d5 5. Bg5 Nbd7 6. e3 Nb6 7. c5 Nbd7 8. a3
Bxc3+ 9. bxc3 c6 10. Bd3 b6 11. cxb6 axb6 12. O-O O-O 13. Qc2 Qc7 14. Bf4 Qd8
15. Ne5 Ba6 {White won on move 43} 1-0

[Event "Summer Cup 2025"]
[Site "Wellington NZL"]
[Date "2025.02.13"]
[Round "2.19"]
[White "Sethuramalingam, Niranjana"]
[Black "Farrington, Lawrence B"]
[Result "0-1"]
[WhiteElo "1079"]
[BlackElo "1601"]

1. e4 e6 2. Nf3 d5 3. e5 c5 4. c3 Nc6 5. Bb5 Bd7 6. d4 Nxe5 7. Bxd7+ Nxd7 8.
O-O Ngf6 9. Bd2 Bd6 10. Bg5 h6 11. Be3 O-O 12. Nbd2 cxd4 13. cxd4 Rc8 14. Nh4
Nh7 15. Qg4 Nhf6 {Black won on move 62} 0-1

[Event "Summer Cup 2025"]
[Site "Wellington NZL"]
[Date "2025.02.13"]
[Round "2.20"]
[White "Ashe, Michael"]
[Black "He, Jacob"]
[Result "1-0"]
[WhiteElo "1598"]
[BlackElo "1064"]

1. d4 d5 2. c4 c6 3. Nc3 Nf6 4. e3 Bf5 5. cxd5 cxd5 6. Qb3 Qc7 7. Nxd5 Nxd5 8.
Qxd5 e6 9. Qb3 Nd7 10. Bd3 Bg6 11. Ne2 Rb8 12. O-O Be7 13. Nf4 Bxd3 14. Nxd3
O-O 15. Bd2 Rfe8 16. Rac1 Qd8 17. Bb4 Nb6 18. Bxe7 Qxe7 19. Rc2 Qd6 20. Nf4 h6
21. Rfc1 Qe7 22. Nd3 Red8 23. Rc7 Qf6 24. Ne5 Rbc8 25. Rxc8 Nxc8 26. Qxb7 a5
27. Rxc8 Rxc8 28. Qxc8+ Kh7 29. Qc7 Qf5 30. Qc1 h5 31. h3 Qf6 32. Qd2 a4 33.
Qc2+ Kh6 34. Qxa4 1-0

[Event "Summer Cup 2025"]
[Site "Wellington NZL"]
[Date "2025.02.13"]
[Round "2.21"]
[White "Cao, Sam"]
[Black "Bohme, Alex"]
[Result "0-1"]
[WhiteElo "1058"]
[BlackElo "1578"]

1. e4 e5 2. Nf3 Nc6 3. d4 exd4 4. Bc4 Bc5 5. c3 Nf6 6. Bg5 dxc3 7. Nxc3 h6 8.
Bh4 Qe7 9. O-O g5 10. Bg3 g4 {Black won on move 45} 0-1

[Event "Summer Cup 2025"]
[Site "Wellington NZL"]
[Date "2025.02.13"]
[Round "2.22"]
[White "Ulm, Eric"]
[Black "Ravi, Vrajesh"]
[Result "1-0"]
[WhiteElo "1547"]
[BlackElo "1046"]

1. e4 e5 2. Nf3 Nc6 3. Bb5 a6 4. Ba4 d6 5. Bxc6+ bxc6 6. d4 exd4 7. Nxd4 c5 8.
Nf3 Bg4 9. h3 Bh5 10. O-O Qf6 11. Qd5 Qd8 12. Qxh5 Qe7 13. Qd5 Qd8 14. Ng5 Nh6
15. Qc6+ Ke7 16. Nc3 Qe8 17. Nd5+ Kd8 18. Qxc7# 1-0

[Event "Summer Cup 2025"]
[Site "Wellington NZL"]
[Date "2025.02.13"]
[Round "2.23"]
[White "Hamilton, Marcus"]
[Black "Dhamodharam, Aadhav"]
[Result "0-1"]
[WhiteElo "1030"]
[BlackElo "1524"]

1. e4 e5 2. Nf3 Nc6 3. Bb5 a6 4. Bc4 Nf6 5. d3 Bc5 6. Ng5 O-O 7. Nc3 h6 8. Nf3
d6 9. O-O Be6 10. Bxe6 fxe6 11. Na4 Ba7 12. Qe1 Nd4 13. Nxd4 Bxd4 14. Be3 Ng4
15. Bxd4 exd4 16. Qe2 Qg5 17. b3 Rf7 18. f3 Ne3 19. Rf2 Raf8 20. c3 dxc3 21.
Nxc3 Ng4 22. Qd2 Nxf2 23. Qxg5 Nh3+ 0-1

[Event "Summer Cup 2025"]
[Site "Wellington NZL"]
[Date "2025.02.13"]
[Round "2.24"]
[White "Thingbaijam, Conan"]
[Black "Dey, Kyle"]
[Result "1-0"]
[WhiteElo "1428"]
[BlackElo "852"]

1. e4 e5 2. Nf3 Nc6 3. Bb5 Nge7 4. d4 d6 5. d5 a6 6. Ba4 b5 7. Bxb5 axb5 8.
dxc6 Nxc6 9. Nc3 b4 10. Nd5 Be6 11. Bd2 Rb8 12. O-O Be7 13. Qe1 O-O 14. Nxb4
Nxb4 15. Bxb4 d5 16. Bc3 f6 17. exd5 Bxd5 18. Rd1 c6 19. Qe3 Bd6 20. a4 Qe7 21.
Ra1 e4 22. Nd4 c5 23. Nf5 Qe6 24. Nxd6 Qxd6 25. Rfd1 Ra8 26. Qd2 Rfd8 27. Ba5
Ra7 28. Bxd8 Qxd8 29. Qxd5+ {White won in 35 moves} 1-0

[Event "Summer Cup 2025"]
[Site "Wellington NZL"]
[Date "2025.02.13"]
[Round "2.29"]
[White "Rose, Jim"]
[Black "He, Zachary"]
[Result "1-0"]
[WhiteElo "1413"]
[BlackElo "1524"]

1. d4 d5 2. Nf3 Nf6 3. e3 e6 4. Bd3 Bd6 5. c3 O-O 6. Nbd2 Nbd7 7. O-O b6 8. Re1
c5 9. e4 dxe4 10. Nxe4 Bb7 11. Nxd6 {White won on move 30} 1-0

[Event "Summer Cup 2025"]
[Site "Wellington NZL"]
[Date "2025.02.20"]
[Round "3.1"]
[White "Keith, Matthew"]
[Black "Croad, Nicolas"]
[Result "0-1"]
[WhiteElo "1880"]
[BlackElo "2375"]

1. e4 c5 2. Nf3 d6 3. Nc3 Nf6 4. d4 cxd4 5. Nxd4 Nc6 6. Bg5 e6 7. Qd3 Be7 8.
O-O-O Nxd4 9. Qxd4 O-O 10. f4 Qa5 11. Kb1 h6 12. Bh4 e5 13. Qd2 Nxe4 14. Nxe4
Qxd2 15. Rxd2 Bxh4 16. g3 Be7 17. Nxd6 exf4 18. Nxc8 Raxc8 19. gxf4 Rfd8 20.
Rxd8+ Rxd8 21. Bd3 Rd4 22. f5 Rh4 23. c3 Rh3 24. Bc4 Kf8 25. Rd1 Rxh2 26. Rd7
Rf2 27. Rxb7 g5 28. fxg6 fxg6 29. Rxa7 h5 30. Ra8+ Kg7 31. Ra7 Kf6 32. Ra6+ Kg5
33. Bd3 Rf6 34. Rxf6 Kxf6 35. Kc2 g5 36. Kd2 g4 37. Ke3 Ke5 38. Kf2 Kf4 39. Bb5
h4 40. Bd7 h3 41. Bxg4 Bc5+ 42. Kf1 Kxg4 43. b4 Kg3 0-1

[Event "Summer Cup 2025"]
[Site "Wellington NZL"]
[Date "2025.02.20"]
[Round "3.3"]
[White "Winter, Ryan"]
[Black "Benitez, Edgar"]
[Result "1-0"]
[WhiteElo "2241"]
[BlackElo "1861"]

1. e4 e5 2. Nf3 Nc6 3. Bb5 a6 4. Ba4 Nf6 5. O-O Be7 6. Re1 b5 7. Bb3 d6 8. c3
O-O 9. h3 Na5 10. Bc2 c5 11. d4 Qc7 12. Nbd2 Re8 13. Nf1 h6 14. Ng3 Bf8 15. d5
Nc4 16. b3 Nb6 17. Be3 Bd7 18. Qd2 Nc8 19. Nh2 Ne7 20. f3 Ng6 21. Ng4 Nxg4 22.
fxg4 Qd8 23. Rf1 Be7 24. Nf5 Bxf5 25. gxf5 Nf8 26. a4 Nh7 27. Qe2 Qd7 28. Bd3
Rab8 29. axb5 axb5 30. Bd2 Rb7 31. Ra5 Reb8 32. Rfa1 Nf6 33. Kh2 Ne8 34. Qf3
Bd8 35. R5a2 Bf6 36. Qg4 Kh7 37. Be2 Be7 38. Qf3 Qd8 39. Be1 Bg5 40. g3 Nc7 41.
h4 Bf6 42. Qg2 Ra8 43. Rxa8 Nxa8 44. Kh3 Nb6 45. Bxb5 Qb8 46. Bc6 Ra7 47. Rxa7
Qxa7 48. g4 Qa1 49. Bd2 Qd1 50. Kg3 Qxb3 51. g5 Be7 52. g6+ Kg8 53. gxf7+ Kf8
54. Kh2 Qc2 55. Be8 Nc4 56. Be1 Qxg2+ 57. Kxg2 Nb2 58. Bb5 Kxf7 59. Kf3 Bd8 60.
Ke2 Ba5 61. Kd2 c4 62. Bg3 Bb6 63. Kc2 Nd3 64. Bxc4 Nf4 65. Kd2 Bd8 66. Bf1 Nh5
67. Bf2 Nf6 68. Kd3 Ng4 69. Be1 Nh2 70. Be2 Bb6 71. Bg3 Bg1 72. Kc4 g5 73.
fxg6+ Kxg6 74. Kb5 h5 75. Kc6 Ng4 76. Bxg4 hxg4 77. Kxd6 Ba7 78. Ke6 Be3 79.
Kxe5 1-0

[Event "Summer Cup 2025"]
[Site "Wellington NZL"]
[Date "2025.02.20"]
[Round "3.4"]
[White "Aldridge, Alan L"]
[Black "Archer, Ollie"]
[Result "0-1"]
[WhiteElo "1855"]
[BlackElo "2166"]

1. e4 c5 2. Nf3 Nc6 3. Bb5 e6 4. O-O Nge7 5. c3 a6 6. Bxc6 Nxc6 7. d4 d5 8. e5
Be7 9. Be3 b6 10. Qd2 O-O 11. Re1 a5 12. a3 a4 13. Bg5 Na5 14. Bxe7 Qxe7 15.
Qf4 Nb3 16. Ra2 Ba6 17. Nbd2 cxd4 18. Nxd4 Nc5 19. Nc6 Qc7 20. Nb4 f6 21. Raa1
Bd3 22. Re3 Bg6 23. Rae1 Nd7 24. Nf3 Bh5 25. Nd3 fxe5 26. Qg3 Bxf3 27. Rxf3
Rxf3 28. gxf3 Rf8 29. Nxe5 Nxe5 30. Qxe5 Qxe5 31. Rxe5 Rf6 32. Kg2 h6 33. Rh5
Rf4 34. Kg3 Rc4 35. Re5 Kf7 36. h4 Kf6 37. Re2 Kf5 38. Re1 e5 39. Rd1 d4 40.
cxd4 exd4 41. Rd2 Ke5 42. Re2+ Kd5 43. Rd2 Rc1 44. Kf4 Kc4 45. h5 d3 46. Ke3
Re1+ 47. Kf4 Re2 48. Rd1 d2 49. Kf5 Rxf2 0-1

[Event "Summer Cup 2025"]
[Site "Wellington NZL"]
[Date "2025.02.20"]
[Round "3.5"]
[White "Young, Cohen"]
[Black "Lieser, Joshua"]
[Result "1-0"]
[WhiteElo "2154"]
[BlackElo "1698"]

1. e4 c6 2. d4 d5 3. e5 Bf5 4. Nf3 e6 5. Be2 c5 6. Be3 Qb6 7. Nc3 Qxb2 8. Qb1
Qxc2 9. Qb5+ Nd7 10. Rc1 a6 11. Qxb7 Rb8 12. Qxa6 Qb2 13. Bb5 c4 14. O-O Bd3
15. Rfe1 Bb4 16. Na4 Qa3 17. Bd2 Kd8 18. Bxd7 Kxd7 19. Rc3 Bxc3 20. Nc5+ Qxc5
21. dxc5 Bxd2 22. Qa7+ Kc8 23. c6 Nf6 24. exf6 Rd8 25. fxg7 1-0

[Event "Summer Cup 2025"]
[Site "Wellington NZL"]
[Date "2025.02.20"]
[Round "3.6"]
[White "Nicholls, Leighton"]
[Black "Rose, Nathan"]
[Result "1/2-1/2"]
[WhiteElo "1957"]
[BlackElo "1697"]

1. b4 e5 2. Bb2 d6 3. c4 Nf6 4. e3 Be7 5. Nf3 O-O 6. Be2 Nbd7 7. O-O Re8 8. d4
e4 9. Nfd2 c6 10. Nc3 d5 11. c5 Nf8 12. f3 exf3 13. Bxf3 Bf5 14. Re1 Ne6 15. b5
Ng5 16. Be2 Bf8 17. Nf1 Nfe4 18. Nxe4 Nxe4 19. bxc6 bxc6 20. Bf3 Rb8 21. Bxe4
Bxe4 22. Bc3 Qg5 23. Ng3 Bg6 24. Qf3 h5 25. Qf4 Be7 26. Kf2 h4 27. Qxg5 Bxg5
28. Nf1 Bd3 29. Nd2 Re6 30. Nf3 Bf6 31. Ne5 Bxe5 32. dxe5 Rb5 {=} 1/2-1/2

[Event "Summer Cup 2025"]
[Site "Wellington NZL"]
[Date "2025.02.20"]
[Round "3.8"]
[White "Dive, Russell J"]
[Black "Rose, Jim"]
[Result "1-0"]
[WhiteElo "2309"]
[BlackElo "1413"]

1. Nf3 f5 2. d4 Nf6 3. g3 e6 4. Bg2 Nc6 5. O-O Be7 6. c4 O-O 7. d5 Na5 8. b3
exd5 9. cxd5 d6 10. Nc3 b6 11. Nd4 c5 12. dxc6 d5 13. Bg5 Ne4 14. Bxe7 Nxc3 15.
Bxd8 Nxd1 16. Bxd5+ Kh8 17. c7 Bb7 18. Bxb7 Nxb7 19. Rfxd1 Nxd8 20. cxd8=Q
Rfxd8 1-0

[Event "Summer Cup 2025"]
[Site "Wellington NZL"]
[Date "2025.02.20"]
[Round "3.9"]
[White "Loke, Kayden"]
[Black "Chang, Luke"]
[Result "1-0"]
[WhiteElo "2015"]
[BlackElo "2038"]

1. d4 d5 2. Nf3 Nf6 3. e3 e6 4. Be2 Bd6 5. O-O O-O 6. Nbd2 b6 7. b3 Bb7 8. Bb2
c5 9. c4 Nc6 10. Ne5 Qe7 11. f4 Rfd8 12. Ndf3 dxc4 13. Bxc4 cxd4 14. exd4 h6
15. Qe2 Nb4 16. f5 Nbd5 17. Nh4 Nd7 18. fxe6 Nxe5 19. Nf5 Qxe6 20. dxe5 Bc5+
21. Kh1 Qg6 22. Rac1 Rd7 23. Nh4 Qg5 24. e6 Qxh4 25. exd7 Bd6 26. Be5 Bc5 27.
Bxd5 Bxd5 28. Rxc5 bxc5 29. Bc7 Be6 30. Rd1 Rd8 31. Bxd8 Qxd8 32. Qc2 c4 33.
bxc4 Kf8 34. c5 1-0

[Event "Summer Cup 2025"]
[Site "Wellington NZL"]
[Date "2025.02.20"]
[Round "3.10"]
[White "Qu, Lucas"]
[Black "Winsley, Nicholas"]
[Result "0-1"]
[WhiteElo "1686"]
[BlackElo "2127"]

1. e4 c5 2. Nf3 Nc6 3. Be2 e6 4. d3 d5 5. exd5 exd5 6. O-O Nf6 7. c3 d4 8. Re1
Be7 9. cxd4 cxd4 10. Nbd2 O-O 11. Nb3 a5 12. a4 Be6 13. Nbd2 Rc8 14. Ng5 Bf5
15. g4 Bg6 16. f4 Nd5 17. Nde4 Ne3 18. Bxe3 dxe3 19. Nf3 f5 20. gxf5 Rxf5 21.
Nfg5 Qb6 22. Kh1 Rxf4 23. Bg4 Rd8 24. Be6+ Kh8 25. Qe2 h6 26. Nh3 Rxe4 27. dxe4
Bxe4+ 28. Kg1 Nd4 29. Qxe3 Nf3+ 30. Kf1 Nxh2+ 31. Kg1 Bc5 32. Kxh2 Bxe3 0-1

[Event "Summer Cup 2025"]
[Site "Wellington NZL"]
[Date "2025.02.20"]
[Round "3.11"]
[White "Tanoi, T Edward"]
[Black "Nazeer, Afique"]
[Result "1-0"]
[WhiteElo "1966"]
[BlackElo "1591"]

1. d4 d5 2. c4 e6 3. Nc3 Nf6 4. Bf4 c6 5. e3 b6 6. Nf3 Bb4 7. Bd3 dxc4 8. Bxc4
b5 9. Bd3 Bb7 10. O-O Bxc3 11. bxc3 O-O 12. e4 Nbd7 13. e5 Nd5 14. Bd2 a6 15.
Bxh7+ Kxh7 16. Ng5+ Kg6 17. Qg4 f5 18. exf6 N5xf6 19. Qg3 Nh5 20. Qd3+ Rf5 21.
g4 Ne5 22. gxh5+ Kf6 23. dxe5+ Ke7 24. Qxd8+ Rxd8 25. Be3 Rd5 26. f4 c5 27.
Rad1 Rxg5+ 28. fxg5 Rxe5 29. Bf4 Rd5 30. Rxd5 Bxd5 31. Be5 Bxa2 32. g6 b4 33.
cxb4 cxb4 34. h6 gxh6 35. g7 1-0

[Event "Summer Cup 2025"]
[Site "Wellington NZL"]
[Date "2025.02.20"]
[Round "3.12"]
[White "Coates, Alex"]
[Black "Ulm, Eric"]
[Result "1-0"]
[WhiteElo "1896"]
[BlackElo "1547"]

1. c3 e5 2. d3 d5 3. Qc2 c5 4. e4 d4 5. Nf3 Nc6 6. Be2 Nf6 7. O-O h6 8. Nbd2
Be7 9. Nc4 Qc7 10. Ne1 b5 11. Na3 a6 12. f4 Bg4 13. Bxg4 Nxg4 14. h3 Nf6 15.
fxe5 Nxe5 16. cxd4 Nc6 17. Bf4 Qb6 18. d5 c4+ 19. Kh1 Nd4 20. Qd2 Nh5 21. Bh2
Bxa3 22. bxa3 O-O 23. Nf3 Nxf3 24. Rxf3 Qd4 25. Raf1 c3 26. Qc2 Rac8 27. Rf5
Nf6 28. Be5 Qc5 29. Bxf6 gxf6 30. Rxf6 Qxa3 31. Rxh6 Qb2 32. Qc1 Qxc1 33. Rxc1
b4 34. Rxa6 Ra8 35. Rxa8 Rxa8 36. Rc2 Kf8 37. Kg1 Ke7 38. Kf2 Kd6 39. Ke3 Ke5
40. Rf2 Rc8 41. d4+ Kd6 42. Kd3 Rc7 43. Rf6+ Ke7 44. d6+ 1-0

[Event "Summer Cup 2025"]
[Site "Wellington NZL"]
[Date "2025.02.20"]
[Round "3.13"]
[White "Tan, Jin"]
[Black "Jackson, L Ross"]
[Result "1-0"]
[WhiteElo "1596"]
[BlackElo "1873"]

1. e4 c5 2. Nf3 d6 3. d4 cxd4 4. Nxd4 Nf6 5. Nc3 e6 6. Be3 Be7 7. Be2 O-O 8.
Qd2 a6 9. O-O-O Qc7 10. h4 b5 11. h5 b4 12. Na4 Nxe4 13. Qxb4 Nd7 {White won on
move 27} 1-0

[Event "Summer Cup 2025"]
[Site "Wellington NZL"]
[Date "2025.02.20"]
[Round "3.14"]
[White "Bohme, Alex"]
[Black "Wilkins, Mark"]
[Result "0-1"]
[WhiteElo "1578"]
[BlackElo "1842"]

1. e4 c6 2. d4 d5 3. Nc3 dxe4 4. Nxe4 Nf6 5. Nxf6+ exf6 6. c3 Bd6 7. Bd3 O-O 8.
Qc2 Re8+ 9. Ne2 g6 10. Be3 Be6 11. O-O Qc7 12. Ng3 Bg4 13. Ne4 Bxh2+ 14. Kh1
Nd7 15. g3 f5 16. Bf4 Qa5 17. Nd6 Re6 18. Kxh2 Rxd6 19. b4 Qd5 20. c4 Qxd4 21.
Bxd6 Qxd6 22. Be2 Ne5 23. Bxg4 fxg4 24. Qc3 h5 25. Rad1 Qc7 26. Kg2 Nf3 27. Rd3
Qe7 28. c5 Qe4 29. Re3 Nh4+ 0-1

[Event "Summer Cup 2025"]
[Site "Wellington NZL"]
[Date "2025.02.20"]
[Round "3.15"]
[White "Thingbaijam, Conan"]
[Black "Ulm, Joy"]
[Result "0-1"]
[WhiteElo "1428"]
[BlackElo "1758"]

1. e4 e5 2. Nf3 Nc6 3. Bb5 f5 4. d3 fxe4 5. dxe4 Nf6 6. O-O d6 7. Re1 Be6 8.
Nc3 Be7 9. Be3 O-O 10. Qe2 Kh8 11. Rad1 a6 12. Bxc6 bxc6 13. Nxe5 Qe8 14. Nf3
Bg4 15. Qc4 Nh5 16. Qe2 Qg6 17. Kf1 Qf6 18. Bd4 Bxf3 19. Qxf3 Qxf3 20. gxf3
Rxf3 21. e5 d5 22. Kg2 Raf8 23. Rd2 Bb4 24. a3 Be7 25. Na4 R3f5 26. Nc5 Nf4+
27. Kf1 Rh5 28. Kg1 Rff5 29. f3 Nh3+ 30. Kf1 Rxf3+ 31. Ke2 Rff5 32. Nxa6 Nf4+
33. Kd1 Ne6 34. Bc3 Bg5 35. Rde2 Bf4 36. Rh1 Bxe5 37. Bxe5 Rxe5 38. Rxe5 Rxe5
39. Kd2 c5 40. b4 cxb4 41. Nxb4 Kg8 42. a4 Re4 43. c3 c5 44. Nxd5 Rxa4 45. Kd3
Nf4+ 46. Nxf4 Rxf4 47. Re1 c4+ 48. Ke3 Rh4 49. Rh1 Kf7 50. Rd1 Rxh2 51. Rd4
Rh3+ 52. Kd2 Rd3+ 53. Rxd3 cxd3 54. Kxd3 Ke6 55. Kd4 Kd6 56. c4 g5 57. c5+ Kc6
58. Ke5 Kxc5 59. Kf5 h6 60. Kg4 Kd4 61. Kf5 Ke3 62. Kg4 Kf2 0-1

[Event "Summer Cup 2025"]
[Site "Wellington NZL"]
[Date "2025.02.20"]
[Round "3.16"]
[White "Winsley, Daniel"]
[Black "Ibbotson, Matt"]
[Result "1-0"]
[WhiteElo "1754"]
[BlackElo "1434"]

1. e4 e5 2. Nf3 Nc6 3. Bb5 a6 4. Ba4 b5 5. Bb3 Bc5 6. Nxe5 Nxe5 7. d4 Qh4 8.
O-O Bb7 9. dxc5 Nf6 10. f3 Rd8 {White won on move 31} 1-0

[Event "Summer Cup 2025"]
[Site "Wellington NZL"]
[Date "2025.02.20"]
[Round "3.17"]
[White "Lavender, Ariel J"]
[Black "Farrokh, Hoorad"]
[Result "1/2-1/2"]
[WhiteElo "1752"]
[BlackElo "1406"]

1. e4 c5 2. Nf3 Nc6 3. d4 cxd4 4. Nxd4 g6 5. Nc3 Bg7 6. Be3 Nf6 7. Bc4 O-O 8.
Bb3 d6 9. f3 Bd7 10. Qd2 Nxd4 11. Bxd4 b5 12. O-O-O a5 13. Nd5 b4 14. Nxf6+
exf6 15. Bd5 Rc8 16. c4 Be6 17. Kb1 Bxd5 18. cxd5 Rb8 19. h4 Qd7 20. g4 b3 21.
a3 Rbc8 22. Qxa5 Rc2 23. Rd3 Rb8 24. Rxb3 Rxb3 25. Kxc2 Rxf3 26. Qa8+ Bf8 27.
h5 Qxg4 28. Re1 Qg2+ 29. Kc1 Qg5+ 30. Kb1 Qd2 31. Bc3 Rxc3 32. bxc3 Qxe1+ 33.
Kb2 Qxe4 34. hxg6 hxg6 35. a4 Qe7 36. a5 Kh7 37. a6 Bh6 38. Qb7 Qe2+ 39. Kb3
Be3 40. Qxf7+ Kh6 41. a7 Qd1+ 42. Kb4 Qb1+ 43. Kc4 Qa2+ 44. Kd3 Qxa7 45. Qxf6
Bc5 46. Qf4+ Kg7 47. c4 Qa3+ 48. Kc2 Qe3 49. Qg4 Qf2+ 50. Kb3 Qf5 51. Qe2 g5
52. Ka4 Kg6 53. Qe8+ Qf7 54. Qe4+ Kh6 55. Qg4 Qf4 56. Qh3+ Qh4 57. Qe6+ Kh5 58.
Qe8+ Kg4 59. Qe4+ Kg3 60. Qd3+ Kg2 61. Qe2+ Bf2 62. Kb5 Kh3 63. Qe6+ 1/2-1/2

[Event "Summer Cup 2025"]
[Site "Wellington NZL"]
[Date "2025.02.20"]
[Round "3.18"]
[White "Marney, John"]
[Black "Sun, William"]
[Result "0-1"]
[WhiteElo "1689"]
[BlackElo "1333"]

1. e4 c6 2. d4 d5 3. exd5 cxd5 4. Bd3 Nc6 5. c3 Nf6 6. h3 e5 7. dxe5 Nxe5 8.
Qe2 Bd6 9. f4 O-O 10. fxe5 Bxe5 11. Nf3 Bg3+ 12. Kd1 Ne4 13. Kc2 Re8 {Black won
on move 26} 0-1

[Event "Summer Cup 2025"]
[Site "Wellington NZL"]
[Date "2025.02.20"]
[Round "3.19"]
[White "Miriyala, Sreenikesh"]
[Black "Grant, Elliot"]
[Result "0-1"]
[WhiteElo "1195"]
[BlackElo "1666"]

1. e4 e6 2. d4 d5 3. e5 c5 4. c3 Nc6 5. Nf3 Bd7 6. Bd3 Qb6 7. O-O cxd4 8. cxd4
Nxd4 9. Nxd4 Qxd4 10. Nc3 Qxe5 11. Re1 Qc7 12. Nxd5 Qd8 13. Bf4 Rc8 14. Rc1 Bc6
15. Nc3 Nf6 16. Nb5 a6 17. Na7 Qd5 18. f3 Rd8 {Black won on move 29} 0-1